| 000 | 00506nam a22001577a 4500 | ||
|---|---|---|---|
| 005 | 20251108165159.0 | ||
| 008 | 250721s1993 xx 000 0 ara d | ||
| 082 | 1 | 4 | _a580/عسا |
| 100 | 1 | _aأبو عساف، إسماعيل سلمان | |
| 245 | 1 | 0 | _aالنبات العام / |
| 264 | 1 |
_aطرابلس ( ليبيا ) : _bالدار الجماهيرية للنشر و التوزيع و الإعلان، _c1993. |
|
| 300 | _a328ص | ||
| 650 | 1 | 7 | _aعلم النبات |
| 942 |
_2ddc _cBK |
||
| 999 |
_c21454 _d21454 |
||